Cultural politics and Asian values : (Record no. 5053)

MARC details
000 -LEADER
fixed length control field 00737nam a22002297a 4500
003 - CONTROL NUMBER IDENTIFIER
control field OSt
005 - DATE AND TIME OF LATEST TRANSACTION
control field 20251024051937.0
008 - FIXED-LENGTH DATA ELEMENTS--GENERAL INFORMATION
fixed length control field 251023b |||||||| |||| 00| 0 eng d
020 ## - INTERNATIONAL STANDARD BOOK NUMBER
International Standard Book Number 0-415-33826-3.
040 ## - CATALOGING SOURCE
Original cataloging agency DWCL-Main lib
Transcribing agency OC
082 ## - DEWEY DECIMAL CLASSIFICATION NUMBER
Classification number Circ. 959 B268c 2004
100 ## - MAIN ENTRY--PERSONAL NAME
Personal name Barr, Michael D.
245 ## - TITLE STATEMENT
Title Cultural politics and Asian values :
Remainder of title the tepid war
260 ## - PUBLICATION, DISTRIBUTION, ETC.
Place of publication, distribution, etc. London :
Name of publisher, distributor, etc. RoutledgeCurzon,
Date of publication, distribution, etc. c2004.
300 ## - PHYSICAL DESCRIPTION
Extent xii, 241 pages ;
Dimensions 24 cm.
504 ## - BIBLIOGRAPHY, ETC. NOTE
Bibliography, etc. note Includes bibliographical references and index.
650 ## - SUBJECT ADDED ENTRY--TOPICAL TERM
Source of heading or term 1. East Asia-Politics & government.
650 ## - SUBJECT ADDED ENTRY--TOPICAL TERM
Source of heading or term 2. Southeast Asia-Politics & government.
650 ## - SUBJECT ADDED ENTRY--TOPICAL TERM
Source of heading or term 3. Values-East Asia.
650 ## - SUBJECT ADDED ENTRY--TOPICAL TERM
Source of heading or term 4. Values-Southeast Asia.
942 ## - ADDED ENTRY ELEMENTS (KOHA)
Source of classification or shelving scheme Dewey Decimal Classification
Koha item type Book Circulation
Call number prefix Circ.
Suppress in OPAC No
952 ## - LOCATION AND ITEM INFORMATION (KOHA)
--
Holdings
Withdrawn status Lost status Source of classification or shelving scheme Damaged status Not for loan Home library Current library Shelving location Date acquired Source of acquisition Cost, normal purchase price Total Checkouts Full call number Barcode Date last seen Copy number Price effective from Koha item type Uniform Resource Identifier
    Dewey Decimal Classification     College Library College Library Circulation 10/25/2008 School Fund 0.00   Circ. 959 B268c 2004 46338 10/23/2025 c1 10/23/2025 BK-CIRC